Normal view
MARC view
Entry Personal Name
001 - CONTROL NUMBER
- control field: 43921
003 - CONTROL NUMBER IDENTIFIER
- control field: dpl
005 - DATE AND TIME OF LATEST TRANSACTION
- control field: 20120319122810.0
008 - FIXED-LENGTH DATA ELEMENTS
- fixed length control field: 120319|||a|||||| | ||| d
040 ## - CATALOGING SOURCE
- Original cataloging agency: dpl
- Transcribing agency: dpl
100 ## - HEADING--PERSONAL NAME
- Personal name: Sri Aurobindo
670 ## - SOURCE DATA FOUND
- Source citation: Work cat.: (dpl): Sri Aurobindo, The psychic being :, 2003
670 ## - SOURCE DATA FOUND
- Source citation: Work cat.: (dpl): Sri Aurobindo, The psychic being :, 2003
